Publisher 2000. /
Uložené v:
| Hlavný autor: | |
|---|---|
| Médium: | Kniha |
| Jazyk: | Czech |
| Vydané: |
Praha :
Grada Publishing, spol. s r.o.,
1999
|
| Vydanie: | 1. vyd. |
| Edícia: | Snadno a rychle
|
| Témy: | |
| ISBN: |
8071698652 (brož.) |
| Fyzický popis: |
118 s. |
| Tagy: |
Pridať tag
Žiadne tagy, Buďte prvý kto otaguje tento záznam!
|
Titul je dostupný aj v ... 

MARC
| LEADER | 00000nam a2200000 a 4500 | ||
|---|---|---|---|
| 001 | 000043521 | ||
| 003 | SVKK | ||
| 005 | 20000111000000.0 | ||
| 008 | 991122s1999 cs e czeo | ||
| 020 | |a 8071698652 (brož.) | ||
| 040 | |a SVKKK |b slo |c SVKKK |e AACR2 | ||
| 041 | 0 | |a cze | |
| 044 | |a cs |c CS | ||
| 080 | |a 681.3.066 Publisher 2000 |2 1997 | ||
| 100 | 1 | |a Pecinovský, Josef |4 aut | |
| 245 | 1 | 0 | |a Publisher 2000. / |c Josef Pecinovský |
| 250 | |a 1. vyd. | ||
| 260 | |a Praha : |b Grada Publishing, spol. s r.o., |c 1999 | ||
| 300 | |a 118 s. | ||
| 440 | 0 | |a Snadno a rychle | |
| 653 | 0 | |a Publisher 2000 (program počítač.) |2 SVKKKPH | |
| 653 | 0 | |a programy počítačové |2 SVKKKPH | |
| 653 | 0 | |a príručky |2 SVKKKPH | |
| 655 | 7 | |a príručky |2 SVKKKPH | |
| 910 | |a svkkk | ||
| 919 | |a 80-7169-865-2 | ||
| 974 | |a UH |d 19991207 | ||
| 974 | |a KL |d 19991130 | ||
| 974 | |a MI |d 20000111 | ||
| 998 | |a BK | ||
| 090 | |g SCKHL |k Sklad Pribinova 2. posch. |a III.185046 |j 929209 |i 2720437674 |s Absenčne | ||
| 090 | |g SCKHL |k Sklad Pribinova 2. posch. |a III.185047 |j 929210 |i 2720437673 |s Absenčne | ||